000 01529nam a22001577a 4500
999 _c517700
_d517700
008 210724b ||||| |||| 00| 0 eng d
100 _aDeslatte, Aaron
_927959
245 _aThe erosion of trust during a global pandemic and how public administrators should counter it
260 _aAmerican Review of Public Administration
300 _a50(6-7), Aug-Oct, 2020: p.489-496
520 _aThis article argues that public administrators must advance a more equity-based assessment of vulnerabilities in American communities and more risk-based communication strategies. It provides an overview of partisan motivated reasoning, how this has influenced the response to the coronavirus pandemic. Experimental evidence then demonstrates how the framing of the pandemic can influence trust in various public messengers. The coronavirus pandemic is merely one of the many exigent threats humanity faces today. Public administrators are the planners, engineers, analysts, auditors, lawyers, and managers on the front lines of these existential crises. It is their job to sift through the information environment and—however boundedly—tackle problems. For the sake of the American democracy, public administrators need to regain the people’s trust. They could start by leveling with them about the challenges ahead. - Reproduced
650 _aRisk communication, COVID-19, Trust, Motivated reasoning, Climate change
_925673
773 _aAmerican Review of Public Administration
906 _aCOVID-19 PANDEMIC
942 _cAR